000 00545nam a2200181 a 4500
005 20210223122338.0
008 991125s1986 mx 000 0 spa u
020 _a9686042083
035 _aUPN01000033892
049 _aC
050 4 _aPC4625
_bG3.5 1986
100 1 _aGarcía-Pelayo y Gross, Ramón
_930380
245 1 0 _aLarousse :
_bnuevo diccionario manual ilustrado /
_cpor Ramón García-Pelayo y Gross.
260 _aMéxico :
_bLarousse,
_c1986.
300 _a997 p. :
_bil.
650 4 _aESPAÑOL -
_vDICCIONARIOS
_99421
905 _aLibro
999 _c33892
_d33892